| 000 | 01023 a2200337 4500 | ||
|---|---|---|---|
| 999 |
_c200131156 _d30124 |
||
| 001 | 200131156 | ||
| 003 | TR-AnTOB | ||
| 005 | 20231218111351.0 | ||
| 008 | 140108b tu 000 0 | ||
| 040 |
_aTR-AnTOB _cTR-AnTOB _beng _erda |
||
| 041 | _atur | ||
| 050 |
_aK1150. _bM46 1999 |
||
| 090 | _aK1150 .M46 1999 | ||
| 100 | 1 |
_aMenteş, Tufan, _d1932- _995248 |
|
| 245 | 1 | 0 |
_aDeniz iş kanunu / _cTufan Menteş. |
| 264 | 1 |
_aİstanbul: _b[s.l.], _c1999 |
|
| 300 |
_aii, 236 p. ; _c24 cm. |
||
| 336 |
_2rdacontent _atext _btxt |
||
| 337 |
_2rdamedia _aunmediated _bn |
||
| 338 |
_2rdacarrier _avolume _bnc |
||
| 650 | 0 | 0 |
_aDeniz hukuku _zTürkiye _927559 |
| 650 | 0 | 7 |
_aKarasuları _2etuturkob _995249 |
| 650 | 0 | 7 |
_aDenizlerin serbestisi _2etuturkob _995252 |
| 650 | 0 | 7 |
_aEkonomik bölgeler (Deniz hukuku) _2etuturkob _995253 |
| 650 | 0 | 0 |
_aTerritorial waters _995255 |
| 650 | 0 | 0 |
_aFreedom of the seas _995258 |
| 650 | 0 | 0 |
_aEconomic zones (Law of the sea) _995259 |
| 650 | 0 |
_aKıta sahanlığı _958132 |
|
| 942 |
_cBK _2lcc |
||